000 00490nam a2200181Ia 4500
005 20250923144316.0
008 008 250917s9999 xx 000 0 eng d
037 _aTextual
040 _aDSWL
_beng
_cDSWL
041 _aeng
_2eng
084 _aY1, F4
_qDSWL
100 _aHart, Joseph K
_9823512
245 0 _aSocial life and institutions
_cby Joseph K Hart
260 _aLondon
_c1924
300 _a423 p.
942 _cTEXL
_hY1, F4
999 _c1437288
_d1437288